Jednotný postoj tvorcov [rozhovor so spisovateľom Jánom Ferenčíkom pred 3. zjazdom slov. spisovateľov]

Bibliographic Details
Main Authors: Gallo, Igor, 1936-2019 (Author, Interviewer), Ferenčík, Ján, 1923-1989 (Author)
Format: Article
Language:Slovak
Subjects:

MARC

LEADER 00000nab a2200000 a 4500
001 vtls008934343
003 SK-MaSNL
005 20260303070607.0
008 060206 19770222xo d 000 0 slo
015 |a SNBRB1977 
040 |a SNKBUCL  |b slo  |c SNKBUCL  |e AACR2 
041 0 |a slo 
044 |a xo  |c SK 
100 1 |a Gallo, Igor,  |d 1936-2019  |4 aut  |4 ivr  |9 85732 
245 1 0 |a Jednotný postoj tvorcov  |b [rozhovor so spisovateľom Jánom Ferenčíkom pred 3. zjazdom slov. spisovateľov]  |c Igor Gallo 
300 |b Obr. 
600 1 7 |a Ferenčík, Ján,  |d 1923-1989  |2 snkbucl  |9 99056 
655 7 |a rozhovory  |2 snkbucl  |9 31831 
700 1 |a Ferenčík, Ján,  |d 1923-1989  |4 aut  |4 ive  |9 99056 
773 0 |t Ľud  |g 22.2.1977, s. 5 
958 |a LX 
958 |a BX 
999 |c 1756049  |d 1757979